The clash of cultures : (Record no. 589496)

000 -LEADER
fixed length control field 00894cam a2200289 a 4500
001 - CONTROL NUMBER
control field 2878499
003 - CONTROL NUMBER IDENTIFIER
control field NUST
005 - DATE AND TIME OF LATEST TRANSACTION
control field 20220509101816.0
008 - FIXED-LENGTH DATA ELEMENTS--GENERAL INFORMATION
fixed length control field 860522s1986 maua b 001 0 eng
010 ## - LIBRARY OF CONGRESS CONTROL NUMBER
LC control number 86014227
020 ## - INTERNATIONAL STANDARD BOOK NUMBER
International Standard Book Number 0875841414 (alk. paper)
Canceled/invalid ISBN 0875841457
038 ## - RECORD CONTENT LICENSOR
Staff Name waseem
040 ## - CATALOGING SOURCE
Original cataloging agency DLC
Transcribing agency DLC
Modifying agency DLC
050 00 - LIBRARY OF CONGRESS CALL NUMBER
Classification number HD8038.A1
Item number R33 1986
082 00 - DEWEY DECIMAL CLASSIFICATION NUMBER
Classification number 658.3044
Author Mark RAE
100 1# - MAIN ENTRY--PERSONAL NAME
Personal name Raelin, Joseph A.,
Dates associated with a name 1948-
9 (RLIN) 91296
245 14 - TITLE STATEMENT
Title The clash of cultures :
Remainder of title managers and professionals /
Statement of responsibility, etc. Joseph A. Raelin.
260 ## - PUBLICATION, DISTRIBUTION, ETC.
Place of publication, distribution, etc. Boston, Mass. :
Name of publisher, distributor, etc. Harvard Business School Press,
Date of publication, distribution, etc. c1986.
300 ## - PHYSICAL DESCRIPTION
Extent xv, 299 p. :
Other physical details ill. ;
Dimensions 24 cm.
500 ## - GENERAL NOTE
General note Includes index.
504 ## - BIBLIOGRAPHY, ETC. NOTE
Bibliography, etc. note Bibliography: p. [271]-285.
563 ## - BINDING INFORMATION
Binding note HBK.
650 #0 - SUBJECT ADDED ENTRY--TOPICAL TERM
Topical term or geographic name entry element Professional employees.
9 (RLIN) 91297
650 #0 - SUBJECT ADDED ENTRY--TOPICAL TERM
Topical term or geographic name entry element Personnel management.
906 ## - LOCAL DATA ELEMENT F, LDF (RLIN)
a 7
b cbc
c orignew
d 1
e ocip
f 19
g y-gencatlg
942 ## - ADDED ENTRY ELEMENTS (KOHA)
Source of classification or shelving scheme
Koha item type Book
Holdings
Withdrawn status Lost status Source of classification or shelving scheme Damaged status Not for loan Permanent Location Current Location Shelving location Date acquired Source of acquisition Total Checkouts Full call number Barcode Date last seen Price effective from Koha item type
          Central Library (CL) Central Library (CL) Management Sciences 05/09/2022 Donation   658.3044 RAE CL-D-1761 05/09/2022 05/09/2022 Book
© 2023 Central Library, National University of Sciences and Technology. All Rights Reserved.